| 000 | 00331nam a2200109Ia 4500 | ||
|---|---|---|---|
| 008 | 230907s9999||||xx |||||||||||||| ||und|| | ||
| 082 |
_a658.202 _bSTA |
||
| 100 |
_aStanford, Herbert _9118022 |
||
| 245 |
_aEffective building maintenance: protection of capital assets / _cHerbert Stanford. |
||
| 260 | _c2019-09-27 | ||
| 942 |
_2ddc _cEB |
||
| 999 |
_c599623 _d599623 |
||